000 00513nam a2200193Ia 4500
005 20250326144828.0
008 250326s9999 xx 000 0 und d
020 _a0-07-226237-0
037 _aTextbook
040 _aFMSL
_beng
_cFMSL
041 _aeng
_2eng
084 _aX:512 P5
_qFMSL
100 _aKelly F J
_9745256
245 0 _aBreakaway brand
_cKelly F J; Silverstein B
260 _aNY
_bNY, McGraw-Hill
_c2005
300 _a289p
942 _cTB
_hX:512 P5
999 _c1305226
_d1305226